Les sources du droit canonique VIII-XX siècle. Repères canoniques, Sources occidentales.

Guardat en:
Dades bibliogràfiques
Autor principal: Gaudemet, Jean (Autor)
Format: Llibre
Idioma:francès
Publicat: París, France: Les Éditions du Cerf, 1993.
Col·lecció:Droit canonique.
Matèries:
Etiquetes: Afegir etiqueta
Sense etiquetes, Sigues el primer a etiquetar aquest registre!

MARC

LEADER 00000nam a2200000 a 4500
001 UCR7290
003 CL-VaPUC
005 20220822114338.0
008 980514e19930000FR |||||||||||||||||fre|d
999 |c 269023  |d 269021 
020 |a 2-204-04764-3 
022 |a 1152-1155 
040 |c Pontificia Universidad Católica de Valparaíso 
082 0 4 |a 262.9 GAU 1993  |2 21 
100 |a Gaudemet, Jean  |e author  |9 487559 
245 1 4 |a Les sources du droit canonique VIII-XX siècle.  |b Repères canoniques, Sources occidentales. 
260 |a París, France:  |b Les Éditions du Cerf,  |c 1993. 
300 |a 262 páginas.  
490 0 |a Droit canonique.  
500 |a c.2 Donación Familia Prof. Alejandro Guzmán Brito. 
583 |a last modification  |c 19980514 00:00:00  |k Rodrigo Vera 
650 7 |a Derecho canónico  |2 CL-VaPUC  |9 408610 
942 |c BK  |2 ddc  |n 0 
945 |d 19980514 00:00:00  |a mvenant 
952 |0 0  |1 0  |4 0  |6 262_900000000000000_GAU_1993  |7 0  |8 DER_HDC  |9 302609  |a BIBDER  |b BIBDER  |d 2019-11-20  |i 3424766  |o 262.9 GAU 1993  |p 3424766  |r 2023-01-25  |w 2019-11-20  |x Ubicación 4to Piso  |y BK  |z Estos recursos deben solicitarse con anticipación  |k DER